[Event "Copenhagen op"]
[Site "Copenhagen"]
[Date "1998.06.21"]
[Round "1"]
[White "Lyrberg, Patrik"]
[Black "Bekker Jensen, David"]
[Result "1-0"]
[WhiteElo "2430"]
[BlackElo "2200"]

1.d4 Nf6 2.c4 g6 3.Nc3 Bg7 4.e4 d6 5.Nf3 O-O 6.Be2 e5 7.d5 a5 8.Bg5 Na6 9.Nd2 h6
10.Be3 Nd7 11.O-O f5 12.exf5 gxf5 13.f4 Nf6 14.a3 Ng4 15.Bxg4 fxg4 16.fxe5 Bxe5
17.Nde4 Bd7 18.Qd2 Nc5 19.Bxh6 Nb3 20.Rxf8+ Qxf8 21.Qg5+ Bg7 22.Rf1  1-0

[Event "Copenhagen op"]
[Site "Copenhagen"]
[Date "1998.06.23"]
[Round "3"]
[White "Olsen, Heini"]
[Black "Mortensen, Erling"]
[Result "0-1"]
[WhiteElo "2270"]
[BlackElo "2510"]

1.d4 Nf6 2.c4 g6 3.Nc3 Bg7 4.e4 d6 5.Nf3 O-O 6.Be2 Nbd7 7.O-O e5 8.Qc2 c6
9.Rd1 Qe7 10.Rb1 exd4 11.Nxd4 Nc5 12.f3 Nh5 13.g4 Nf6 14.Bg5 Re8 15.Kg2 Qf8
16.Qd2 h5 17.h3 hxg4 18.hxg4 Nh7 19.Bf4 Be5 20.b4 Ne6 21.Nxe6 Bxe6 22.Rh1 Qg7
23.Rbc1 g5 24.Be3 f6 25.Bd3 Nf8 26.Ne2 Ng6 27.Ng3 Nf4+ 28.Kf2 a5 29.bxa5 Nxd3+
30.Qxd3 Rxa5 31.Rc2 Rea8 32.Nh5 Qf7 33.Qd2 Bxc4 34.Bxg5  0-1

[Event "White Nights"]
[Site "St Petersburg"]
[Date "1998.06.24"]
[Round "5"]
[White "Solovjov, Sergey"]
[Black "Milton, Sergei"]
[Result "0-1"]
[WhiteElo "2450"]
[BlackElo "2315"]

1.c4 Nf6 2.Nc3 g6 3.e4 d6 4.d4 Bg7 5.Nf3 O-O 6.Be2 e5 7.O-O Nbd7 8.d5 Nc5
9.Qc2 a5 10.Bg5 h6 11.Be3 b6 12.h3 Nh5 13.Qd2 Kh7 14.Bd1 Nf4 15.Bc2 f5 16.Rfe1 fxe4
17.Nxe4 Nxh3+ 18.Kh2 Rxf3 19.gxf3 Qh4 20.Kg2 Nf4+ 21.Bxf4 Bh3+ 22.Kh2 Bg4+
23.Kg1 Bxf3 24.Bh2 Qg4+  0-1

[Event "Copenhagen op"]
[Site "Copenhagen"]
[Date "1998.06.25"]
[Round "5"]
[White "Adamski, Jan"]
[Black "Djurhuus, Rune"]
[Result "1-0"]
[WhiteElo "2345"]
[BlackElo "2510"]

1.c4 g6 2.d4 Nf6 3.Nf3 Bg7 4.Nc3 O-O 5.e4 d6 6.Be2 Na6 7.O-O e5 8.Be3 Ng4
9.Bg5 Qe8 10.dxe5 dxe5 11.Nd2 h6 12.Bh4 Nf6 13.Nd5 Qd8 14.f4 exf4 15.e5 Nxd5
16.Bxd8 Ne3 17.Qc1 Rxd8 18.Rxf4 Nb4 19.Qc3 Nbc2 20.Rc1 h5 21.Rxc2 Nxc2 22.Qxc2 Bh6
23.g3 Bxf4 24.gxf4 Bf5 25.Qc3 c5 26.Qe3 Rd7 27.Bf3 Rad8 28.Bd5 b6 29.Ne4 Bxe4
30.Qxe4 Re7 31.Qxg6+  1-0

[Event "Copenhagen op"]
[Site "Copenhagen"]
[Date "1998.06.25"]
[Round "5"]
[White "Lyrberg, Patrik"]
[Black "Mortensen, Erling"]
[Result "0-1"]
[WhiteElo "2430"]
[BlackElo "2510"]

1.d4 Nf6 2.c4 g6 3.Nc3 Bg7 4.e4 d6 5.Nf3 O-O 6.Be2 e5 7.d5 Nbd7 8.Bg5 h6
9.Bh4 g5 10.Bg3 Nh5 11.h4 g4 12.Nd2 f5 13.exf5 Ndf6 14.Qc2 e4 15.Ndxe4 Bxf5
16.O-O Nxe4 17.Nxe4 Qe7 18.Bd3 Bxe4 19.Bxe4 Bd4 20.Bf5 Nxg3 21.Be6+ Kh8 22.Qd3 Rf4
23.Qxg3 Raf8  0-1

[Event "Copenhagen op"]
[Site "Copenhagen"]
[Date "1998.06.27"]
[Round "7"]
[White "Schneider, Stefan"]
[Black "Mortensen, Erling"]
[Result "0-1"]
[WhiteElo "2305"]
[BlackElo "2510"]

1.d4 Nf6 2.c4 g6 3.Nc3 Bg7 4.Nf3 O-O 5.e4 d6 6.Be2 Nbd7 7.O-O e5 8.Re1 c6
9.Bf1 exd4 10.Nxd4 Re8 11.f3 Ne5 12.Be3 a6 13.Rc1 c5 14.Nc2 Be6 15.Nd5 Nxd5
16.cxd5 Bd7 17.Qd2 Bb5 18.b3 Bxf1 19.Rxf1 b5 20.Ne1 a5 21.Nd3 Nxd3 22.Qxd3 b4
23.Rc2 f5 24.Rc4 Qf6 25.Bf4 a4 26.e5 dxe5 27.Be3 axb3 28.axb3 e4 29.fxe4 fxe4
30.Rxe4 Qc3 31.Qb1 Bd4 32.Bxd4 cxd4 33.Rd1 Rxe4 34.Qxe4 Qe3+ 35.Qxe3 dxe3
36.Re1 Re8 37.Kf1 Kf7 38.d6 Re6 39.d7 Ke7 40.Ke2 Kxd7 41.Kd3 Rc6 42.Rxe3 Kd6
43.Kd4 Rc2 44.Rg3 Ke6 45.Re3+ Kf6 46.Rf3+ Kg7 47.g3 g5 48.h3 h5 49.h4 Kg6
50.Rf8 gxh4 51.gxh4 Rc3 52.Rf1 Rh3 53.Rg1+ Kf6 54.Rf1+ Ke6 55.Re1+ Kd6 56.Kc4 Rxh4+
57.Kb5 Rf4 58.Re8 h4 59.Rh8 Ke6 60.Ka4 Kf5 61.Rh7 Kg4 62.Rg7+ Kf3 63.Rh7 Kg3
64.Rg7+ Rg4 65.Rd7 h3 66.Rd3+ Kg2 67.Rd2+ Kg1 68.Rd1+ Kf2 69.Rd2+ Ke3 70.Rd8 Rh4
71.Re8+ Kd2 72.Rd8+ Kc2 73.Rc8+ Kb2  0-1

[Event "SVK-ch"]
[Site "Prievidza"]
[Date "1998.06.27"]
[Round "1.1"]
[White "Timoshchenko, Gennadi A"]
[Black "Borik, Juraj"]
[Result "1-0"]
[WhiteElo "2520"]
[BlackElo "2105"]

1.c4 Nf6 2.Nc3 g6 3.e4 d6 4.d4 Bg7 5.Nf3 O-O 6.Be2 e5 7.Be3 Nbd7 8.d5 a5
9.Nd2 Nc5 10.a3 a4 11.Bxc5 dxc5 12.Nxa4 b6 13.Nc3 Ne8 14.h4 f5 15.h5 fxe4
16.Ndxe4 Nd6 17.hxg6 Bf5 18.gxh7+ Kh8 19.Bd3 Bxe4 20.Nxe4 Nxe4 21.Bxe4 Qg5
22.Qh5 Qf6 23.Qe2 Ra4 24.b3 Ra5 25.Rh5 Qd6 26.g3 Raa8 27.Kf1 c6 28.dxc6 Qd4
29.Re1 Rxa3 30.Rf5 Rc8 31.Rf7 Bh6 32.Qg4 Qd8 33.Rd1  1-0

[Event "SVK-ch"]
[Site "Prievidza"]
[Date "1998.06.27"]
[Round "1.50"]
[White "Havlickova, Beata"]
[Black "Kaniansky, Miroslav"]
[Result "0-1"]
[WhiteElo "1886"]
[BlackElo "2155"]

1.d4 Nf6 2.c4 g6 3.Nc3 Bg7 4.e4 d6 5.Nf3 O-O 6.Be2 e5 7.d5 a5 8.Bg5 h6 9.Bh4 Na6
10.O-O Qe8 11.a3 Bd7 12.Ne1 Nc5 13.f3 a4 14.Nd3 Nb3 15.Rb1 Nd4 16.c5 Qe7
17.cxd6 cxd6 18.Nb4 Rfc8 19.Bf2 Qd8 20.Bd3 Qa5 21.Bxd4 exd4 22.Ne2 Nh5 23.Qd2 Rc5
24.Rfd1 Rac8 25.Nc2 Qb6 26.Ncxd4 R5c7 27.Qe3 g5 28.Nf5 Qxe3+ 29.Nxe3 Nf4
30.Kf2 Nxd3+ 31.Rxd3 Bb5 32.Rdd1 Rc2 33.Nxc2 Rxc2 34.Re1 Bxb2 35.Ke3 Ba6
36.g3 Bxa3 37.h3 Bc5+ 38.Nd4 Rc3+ 39.Kd2 Bxd4 40.Rb4 Rd3+ 41.Kc2 Bc3  0-1

[Event "NLD-ch"]
[Site "Rotterdam"]
[Date "1998.06.27"]
[Round "6"]
[White "Ernst, Sipke"]
[Black "Nijboer, Friso"]
[Result "0-1"]
[WhiteElo "2300"]
[BlackElo "2580"]

1.Nf3 Nf6 2.c4 g6 3.Nc3 Bg7 4.e4 d6 5.d4 O-O 6.Be2 Na6 7.O-O e5 8.Be3 Ng4
9.Bg5 f6 10.Bc1 Nh6 11.Rb1 Nf7 12.Be3 f5 13.dxe5 dxe5 14.b4 Qxd1 15.Rfxd1 c6
16.b5 Nc7 17.b6 axb6 18.Bxb6 Ne6 19.c5 Re8 20.Bc4 Bf8 21.Bb3 Kg7 22.exf5 gxf5
23.Na4 Be7 24.Kf1 h5 25.Nd2 Nd4 26.Nc4 Nb5 27.Rbc1 h4 28.h3 Bg5 29.Rc2 Nd4
30.Rc3 Nb5 31.Rc2 Be7 32.Rcc1 Kf6 33.Rc2 Be6 34.Na5 Nd4 35.Rc3 Nxb3 36.axb3 Rg8
37.Nxb7 Bd5 38.f3 Ng5 39.Bc7 Ra7 40.Bxe5+ Kxe5 41.Re3+  0-1

[Event "SVK-ch"]
[Site "Prievidza"]
[Date "1998.06.28"]
[Round "2.22"]
[White "Krivoshey, Sergei"]
[Black "Maiorov, Nikita"]
[Result "1-0"]
[WhiteElo "2475"]
[BlackElo "2085"]

1.Nf3 Nf6 2.c4 g6 3.Nc3 Bg7 4.d4 O-O 5.e4 d6 6.Be2 e5 7.O-O exd4 8.Nxd4 Re8
9.f3 c6 10.Kh1 a6 11.Bg5 h6 12.Bh4 Nbd7 13.Qc2 Ne5 14.Rad1 g5 15.Bf2 Bd7
16.Rd2 b5 17.b3 Qe7 18.cxb5 axb5 19.Nd1 d5 20.Ne3 dxe4 21.Ndf5 Qb4 22.Rd4 Qa3
23.Nxg7 Kxg7 24.fxe4 Qxa2 25.Qd1 Be6 26.Bg3 Ng6 27.b4 Qb3 28.Nf5+ Bxf5 29.Qxb3  1-0

[Event "SVK-ch"]
[Site "Prievidza"]
[Date "1998.06.28"]
[Round "2.38"]
[White "Bobak, Martin"]
[Black "Skreno, Vladimir"]
[Result "0-1"]
[WhiteElo "1570"]
[BlackElo "2155"]

1.d4 Nf6 2.c4 g6 3.Nc3 Bg7 4.e4 d6 5.Nf3 O-O 6.Be2 e5 7.d5 Nbd7 8.Bg5 h6
9.Bxf6 Nxf6 10.Nd2 Ne8 11.g4 c6 12.Nf1 Rb8 13.Ng3 a6 14.h4 b5 15.dxc6 bxc4
16.Rb1 Be6 17.Qa4 Nc7 18.Bxc4 Bxg4 19.Bxa6 Ra8 20.Qc4 Rxa6 21.b4 Qa8 22.b5 Be6
23.Nd5 Bxd5 24.exd5 Rb6 25.O-O Qa3 26.Ne4 Ra8 27.Rfe1 Ra4 28.Qe2 Qh3 29.Red1 Qxh4
30.f3 Bf8 31.Qc2 Ra3 32.Rd3 Rxd3 33.Qxd3 f5 34.Nc3 Qd4+ 35.Qxd4 exd4 36.Ne2 Rxb5
37.Rxb5 Nxb5 38.a4 Nc7 39.Nxd4 Bg7 40.Ne2 Nxd5 41.Nf4 Bd4+ 42.Kf1 Nc7 43.Nxg6 Kf7
44.Nf4 Be3 45.Nd3 Ke6 46.Ke2 f4 47.Nb4 d5 48.a5 Kd6 49.Kd3 Kc5 50.Kc3 Kb5
51.a6 Nxa6 52.Nxd5 Kxc6 53.Ne7+ Kd7 54.Nf5 h5 55.Kd3 Bf2 56.Ke2 Bg3 57.Kf1 h4
58.Kg2 Ke6 59.Nd4+ Kf6 60.Ne2 Nb4 61.Kh3 Nd3 62.Ng1 Nf2+ 63.Kg2 Ke5 64.Kf1 h3  0-1

[Event "White Nights op"]
[Site "St Petersburg"]
[Date "1998.06.28"]
[Round "9"]
[White "Novikov, Mikhail V"]
[Black "Zaitsev, Vadim"]
[Result "0-1"]
[WhiteElo "2325"]
[BlackElo "2425"]

1.d4 Nf6 2.Nf3 g6 3.c4 Bg7 4.Nc3 O-O 5.e4 d6 6.Be2 e5 7.O-O exd4 8.Nxd4 Re8
9.f3 c6 10.Nc2 a6 11.Kh1 b5 12.Bf4 d5 13.exd5 cxd5 14.cxb5 Bb7 15.Qd2 Nh5
16.Be3 axb5 17.Bxb5 Re5 18.Bf2 Na6 19.Nd4 Qf8 20.Bc6 Bh6 21.Qd1 Rb8 22.a3 Bf4
23.Nce2 Rxe2 24.Nxe2 Bxc6 25.Nxf4 Nxf4 26.Qc1 Qd6 27.Bg3 g5 28.b4 Nc7 29.Qd2 Nce6
30.Rfb1 Ba4 31.Rc1 d4 32.Re1 Rd8 33.Rac1 Qd5 34.Bxf4 gxf4 35.h3 Qb3 36.Re5 Qxa3
37.Rec5 Qe3 38.Qb2 d3  0-1

[Event "SVK-ch"]
[Site "Prievidza"]
[Date "1998.07.02"]
[Round "6.34"]
[White "Kaniansky, Miroslav"]
[Black "Harasta, Igor"]
[Result "0-1"]
[WhiteElo "2155"]
[BlackElo "2098"]

1.d4 Nf6 2.Nf3 g6 3.c4 Bg7 4.Nc3 O-O 5.e4 d6 6.Be2 e5 7.d5 a5 8.Bg5 h6 9.Bh4 Na6
10.Nd2 Qe8 11.a3 Bd7 12.b3 Nh7 13.f3 h5 14.Rb1 Bh6 15.Bf2 Qe7 16.b4 axb4
17.axb4 h4 18.Rb2 Kg7 19.Na2 Bf4 20.c5 Qg5 21.Kf1 Nf6 22.cxd6 cxd6 23.Nc4 Nh5
24.Nb6 Rad8 25.Qe1 Ng3+ 26.hxg3 hxg3 27.Bg1 Rh8 28.Rxh8 Rxh8 29.Bxa6 Rh1
30.Ke2 Be3 31.Nxd7 Rxg1 32.Qc3 Rxg2+ 33.Kf1 Rg1+ 34.Ke2 Bd4 35.Kd3 Bxc3 36.Kxc3 Qe3+
37.Bd3 g2  0-1

[Event "SVK-ch"]
[Site "Prievidza"]
[Date "1998.07.02"]
[Round "6.2"]
[White "Koutsin, Sergey"]
[Black "Manik, Mikulas"]
[Result "1/2-1/2"]
[WhiteElo "2400"]
[BlackElo "2460"]

1.d4 Nf6 2.Nf3 g6 3.c4 Bg7 4.Nc3 O-O 5.e4 d6 6.Be2 e5 7.O-O exd4 8.Nxd4 Re8
9.f3 Nc6 10.Be3 Nh5 11.Qd2 Nxd4 12.Bxd4 Bxd4+ 13.Qxd4 Nf4 14.Rfe1 Ne6 15.Qd2 b6
16.Bf1  1/2-1/2

[Event "SVK-ch"]
[Site "Prievidza"]
[Date "1998.07.02"]
[Round "6.17"]
[White "Likavsky, Tomas"]
[Black "Lehocky, Viktor"]
[Result "1-0"]
[WhiteElo "2280"]
[BlackElo "2065"]

1.d4 Nf6 2.c4 d6 3.Nf3 Nbd7 4.Nc3 e5 5.e4 g6 6.Be2 Bg7 7.O-O O-O 8.Qc2 c6
9.Rd1 Qe7 10.Rb1 exd4 11.Nxd4 Nc5 12.f3 a5 13.Bf4 Rd8 14.Rbc1 Nh5 15.Be3 Ne6
16.Nxe6 Bxe6 17.Bf1 Nf6 18.Na4 c5 19.Qd2 Ne8 20.Nb6 Ra7 21.Bxc5 Bxb2 22.Rb1 Bc3
23.Qd3 Be5 24.Nd5 Bxd5 25.Bxa7 b5 26.Bd4 Bxc4 27.Qd2 d5 28.Bxe5 Qxe5 29.Bxc4  1-0

[Event "Lost Boys op"]
[Site "Antwerp"]
[Date "1998.07.03"]
[Round "4"]
[White "Giddins, Stephen"]
[Black "Leitao, Rafael"]
[Result "0-1"]
[WhiteElo "2375"]
[BlackElo "2515"]

1.Nf3 Nf6 2.c4 g6 3.Nc3 Bg7 4.e4 d6 5.d4 O-O 6.Be2 e5 7.d5 a5 8.h3 Na6 9.Bg5 Qe8
10.g4 Nd7 11.Rg1 Ndc5 12.h4 c6 13.h5 cxd5 14.h6 Bh8 15.cxd5 Bd7 16.a4 Nc7
17.Nd2 b5 18.axb5 Nxb5 19.f3 Nd4 20.Nc4 Nxe2 21.Qxe2 Nb3 22.Ra3 Nd4 23.Qf2 Qb8
24.Be7 Re8 25.Bxd6 Qa7 26.Rg3 Qa6 27.b3 Nxb3 28.Nb6 Nd4 29.Bc5 Rad8 30.Ra2 Qd3
31.f4 Qa6 32.f5 a4 33.d6 Qa5 34.Nxd7 Rxd7 35.Ba3 Bf6 36.Rd3 Bg5 37.Kd1 Rc8
38.Nd5 Qb5  0-1

[Event "Lost Boys op"]
[Site "Antwerp"]
[Date "1998.07.03"]
[Round "4"]
[White "Lautier, Joel"]
[Black "Le Quang, Kim"]
[Result "1-0"]
[WhiteElo "2645"]
[BlackElo "2265"]

1.d4 Nf6 2.c4 g6 3.Nc3 Bg7 4.e4 d6 5.Nf3 O-O 6.Be2 e5 7.Be3 Na6 8.O-O c6
9.d5 Ng4 10.Bg5 f6 11.Bh4 Nh6 12.c5 Nxc5 13.b4 Nd7 14.dxc6 Nb6 15.a4 a5 16.bxa5 Rxa5
17.Qb3+ Kh8 18.Rfb1  1-0

[Event "SVK-ch"]
[Site "Prievidza"]
[Date "1998.07.03"]
[Round "7.26"]
[White "Jakubek, Peter"]
[Black "Lehocky, Viktor"]
[Result "0-1"]
[WhiteElo "2260"]
[BlackElo "2065"]

1.d4 Nf6 2.Nf3 g6 3.c4 Bg7 4.Nc3 O-O 5.e4 d6 6.Be2 e5 7.dxe5 dxe5 8.Qxd8 Rxd8
9.Bg5 Re8 10.O-O-O c6 11.Nxe5 Nxe4 12.Nxe4 Bxe5 13.Rhe1 Bf5 14.Nf6+ Bxf6
15.Bxf6 Nd7 16.Bd4 Be4 17.f3 Bf5 18.g4 Be6 19.h3 Rac8 20.Kb1 c5 21.Bc3 Nb8
22.f4 Bd7 23.Bf3 Rxe1 24.Rxe1 Bc6 25.Bd5 Kf8 26.Be5 Kg8 27.Bf6 Nd7 28.Bxc6 bxc6
29.Bh4 Nf8 30.f5 Rc7 31.Re8 f6 32.Bf2 Kf7 33.Rd8 Nd7 34.Kc2 Kg7 35.Bg3 Rb7
36.Bd6 gxf5 37.gxf5 Kh6 38.Rc8 Kg5 39.Rxc6 Kxf5 40.Bxc5 Nxc5 41.Rxc5+ Ke4
42.Kc3 f5 43.Rc8 f4 44.Re8+ Kf3 45.Rf8 Kg3 46.b4 Re7 47.c5 f3 48.a4 f2 49.Kd4 Re8
50.Rf5 Rd8+ 51.Kc4 Re8 52.Kd5 Rd8+ 53.Ke5 Re8+ 54.Kd6 Rd8+ 55.Kc7 Rd4 56.Rxf2 Kxf2
57.b5 Rxa4 58.Kb7 Ra5  0-1

[Event "Politiken Cup"]
[Site "Copenhagen"]
[Date "1998.07.04"]
[Round "1"]
[White "Zagorskis, Darius"]
[Black "Henrichsen, Jens"]
[Result "1-0"]
[WhiteElo "2515"]
[BlackElo "2085"]

1.d4 Nf6 2.c4 g6 3.Nc3 Bg7 4.e4 d6 5.Nf3 O-O 6.Be2 e5 7.d5 a5 8.h3 Na6 9.Bg5 h6
10.Be3 Qe7 11.g4 Nc5 12.Nd2 Ne8 13.Qc2 f5 14.exf5 gxf5 15.O-O-O Na6 16.f3 Nb4
17.Qb1 c6 18.a3 Na6 19.gxf5 Bxf5 20.Bd3 Bxd3 21.Qxd3 Nac7 22.Rdg1 Kh8 23.Rg6 Rf6
24.Rg3 cxd5 25.cxd5 Qf7 26.Rhg1 b5 27.Nce4 Rf4 28.Nxd6 Qxd5 29.Qxd5 Nxd5
30.Nxe8 Nxe3 31.Nxg7 Rc8+ 32.Kb1  1-0

[Event "RUS-Cup06"]
[Site "Nizhnij Novgorod"]
[Date "1998.07.04"]
[Round "6"]
[White "Yanin, Pavel"]
[Black "Shchekachev, Andrei"]
[Result "0-1"]
[WhiteElo "2430"]
[BlackElo "2565"]

1.Nf3 g6 2.c4 Bg7 3.e4 d6 4.d4 Nf6 5.Nc3 O-O 6.Be2 e5 7.dxe5 dxe5 8.Qxd8 Rxd8
9.Bg5 Re8 10.Nd5 Nxd5 11.cxd5 c6 12.Bc4 cxd5 13.Bxd5 Nd7 14.Nd2 Nc5 15.Ke2 Ne6
16.Be3 Nf4+ 17.Bxf4 exf4 18.Rac1 Bxb2 19.Rc7 Be6 20.Bxe6 Rxe6 21.Rb1 Be5
22.Rcxb7 Ra6 23.Rd7 Rxa2 24.Kd3 Ra3+ 25.Ke2 Ra2 26.Kd3 Rc8 27.Nc4 Ba1 28.Rbb7 Ra4
29.Nd2 a5 30.Ra7 Bc3 31.Nb1 Bf6 32.Rxf7 Rd4+ 33.Ke2 Rc2+ 34.Kf3 Rd3+  0-1

[Event "RUS-Cup06"]
[Site "Nizhnij Novgorod"]
[Date "1998.07.04"]
[Round "6"]
[White "Volkov, Sergey"]
[Black "Korotylev, Alexey"]
[Result "1-0"]
[WhiteElo "2545"]
[BlackElo "2470"]

1.d4 Nf6 2.c4 g6 3.Nc3 Bg7 4.e4 d6 5.Be2 O-O 6.Nf3 e5 7.Be3 Ng4 8.Bg5 f6
9.Bh4 Nc6 10.d5 Ne7 11.Nd2 Nh6 12.f3 c5 13.dxc6 bxc6 14.b4 Be6 15.Nb3 Nf7
16.Bf2 f5 17.O-O h5 18.b5 Bh6 19.a4 Kh8 20.a5 c5 21.Qc2 Rg8 22.Rfd1 Qf8 23.Na4 g5
24.Naxc5 dxc5 25.Nxc5 Bc8 26.Nd7 Qg7 27.exf5 g4 28.fxg4 hxg4 29.f6 Qg6 30.Bd3 Qh5
31.Be4 Ng6 32.Bxa8 Nf4 33.Bc6 g3 34.hxg3 Ne2+ 35.Kf1 Nxg3+ 36.Bxg3 Rxg3 37.Qf2 Qh1+
38.Ke2 Qh4 39.Rd3 Qg4+ 40.Bf3 Qg5 41.Rad1 e4 42.Bxe4 Rxd3 43.Rxd3 Bxd7 44.Qg3 Bg4+
45.Bf3 Bxf3+ 46.Qxf3 Qe5+ 47.Kf1 Ng5 48.Qa8+ Kh7 49.Qxa7+ Kg6 50.Qd4 Qf5+
51.Kg1 Ne6 52.Qd5 Qxf6 53.Qe4+ Kg7 54.a6  1-0

[Event "Budapest FS07 IM-A"]
[Site "Budapest"]
[Date "1998.07.05"]
[Round "2"]
[White "Barvin, Konstantin"]
[Black "Paschall, William M"]
[Result "0-1"]
[WhiteElo "2315"]
[BlackElo "2375"]

1.d4 g6 2.e4 Bg7 3.c4 d6 4.Nc3 Nf6 5.Be2 O-O 6.Nf3 Na6 7.O-O e5 8.Be3 Ng4
9.Bg5 Qe8 10.dxe5 dxe5 11.Ne1 Nf6 12.Nd5 Nxe4 13.Be7 c6 14.Bxf8 Qxf8 15.Nc3 Nxc3
16.bxc3 Be6 17.Nf3 Nc5 18.Re1 f6 19.Qc2 Bh6 20.Rad1 Qf7 21.Nd2 Bf5 22.Qb2 a5
23.Bf1 a4 24.a3 Bd3 25.Qb6 Qe7 26.Bxd3 Nxd3 27.Re2 Nf4 28.Ree1 f5 29.Nf1 e4
30.Ng3 Bg7 31.Qe3 Qc7 32.h3 Nd3 33.Rxd3 exd3 34.Qxd3 Rd8 35.Qc2 Bf8 36.Qxa4 Bc5
37.Qb3 Qxg3  0-1

[Event "Politiken Cup"]
[Site "Copenhagen"]
[Date "1998.07.05"]
[Round "2"]
[White "Hillarp Persson, Tiger"]
[Black "Bekker Jensen, David"]
[Result "1-0"]
[WhiteElo "2410"]
[BlackElo "2200"]

1.d4 Nf6 2.c4 g6 3.Nc3 Bg7 4.e4 d6 5.Be2 O-O 6.Nf3 e5 7.O-O Na6 8.Be3 c6
9.d5 Ng4 10.Bg5 f6 11.Bh4 c5 12.Ne1 h5 13.Nd3 Nh6 14.h3 Qe7 15.f4 g5 16.fxg5 fxg5
17.Rxf8+ Bxf8 18.Be1 g4 19.h4 Nf7 20.g3 Bh6 21.Bd2 Qf6 22.a3 Bd7 23.Ne1 Bxd2
24.Qxd2 Qh6 25.Qd3 Nh8 26.Ng2 Ng6 27.Ne3 Ne7 28.Rb1 Rf8 29.Nc2 Kg7 30.b4 Qf6
31.Qe3 Qh6 32.Qxh6+ Kxh6 33.Ne3 Kg6 34.Nb5 Nc8 35.Nf5 Rf6 36.Nc3 Kf7 37.Ne3 Kg6
38.Ncd1 Nb6 39.Nf2 Na4 40.Rb3 Rf8 41.Kf1 Rf7 42.Ke1 Rf8 43.Nd3 Rc8 44.Kd2 Rf8
45.Rb1 Rf6 46.Bd1 Nb6 47.bxc5 Nxc5 48.Nxc5 dxc5 49.a4 a5 50.Bc2 Kf7 51.Ke2 Ke8
52.Nf5 Bxf5 53.exf5 Nxc4 54.Rxb7 Nd6 55.Ra7 Nxf5 56.Bxf5 Rxf5 57.Ke3 Rf3+
58.Ke4 c4 59.d6 c3 60.Kd5 Rf7 61.Ra8+ Kd7 62.Ra7+ Ke8 63.Rxa5 Kd7 64.Rc5 Rf3
65.Rc7+ Kd8 66.Ke6 Rd3 67.a5 e4 68.a6 c2 69.Rh7  1-0

[Event "RUS-Cup06"]
[Site "Nizhnij Novgorod"]
[Date "1998.07.05"]
[Round "7"]
[White "Kiriakov, Petr"]
[Black "Voitsekhovsky, Stanislav"]
[Result "1/2-1/2"]
[WhiteElo "2495"]
[BlackElo "2540"]

1.d4 Nf6 2.c4 g6 3.Nc3 Bg7 4.e4 d6 5.Nf3 O-O 6.Be2 Nbd7 7.O-O e5 8.Be3 Re8
9.d5 Ng4 10.Bg5 f6 11.Bd2 f5 12.Ng5 Nf8 13.exf5 gxf5 14.Bxg4 fxg4 15.f3 h6
16.Nge4 Qh4 17.fxg4 Bxg4 18.Qb3 b6 19.Rae1 Nh7 20.Nb5 Rec8 21.Qe3 a6 22.Nbc3 Rf8
23.b4 Bf5 24.c5 bxc5 25.bxc5 dxc5 26.Qxc5 Ng5 27.Bxg5 hxg5 28.Qc6 Kh8 29.Re3 Bh7
30.Ref3 g4 31.Rf7 Bh6 32.g3 Be3+ 33.Kh1 Qe7 34.Kg2 Rxf7 35.Qxa8+ Kg7 36.Qxa6 Bd4
37.Qe2 Rxf1 38.Qxg4+ Bg6 39.Kxf1 Qa3 40.Qd7+ Kh6 41.Qh3+ Kg7  1/2-1/2

[Event "Politiken Cup"]
[Site "Copenhagen"]
[Date "1998.07.06"]
[Round "3"]
[White "Sandstrom, Ludvig"]
[Black "Lyrberg, Patrik"]
[Result "1/2-1/2"]
[WhiteElo "2325"]
[BlackElo "2430"]

1.d4 Nf6 2.c4 g6 3.Nc3 Bg7 4.e4 d6 5.Be2 Nbd7 6.Nf3 e5 7.O-O O-O 8.Qc2 exd4
9.Nxd4 Re8 10.Rd1 a6 11.Bg5 c6 12.f3 Qc7 13.Kh1 Ne5 14.Qd2 Be6 15.Bxf6 Bxf6
16.Nxe6 fxe6 17.Qxd6 Qb6 18.f4 Rad8 19.Qa3 Nd7 20.e5 Be7 21.Qb3 Qxb3 22.axb3 Nc5
23.b4 Nb3 24.Rxd8 Rxd8 25.Rd1 Rxd1+ 26.Bxd1 Nc1 27.b5  1/2-1/2

[Event "Lost Boys op"]
[Site "Antwerp"]
[Date "1998.07.08"]
[Round "8"]
[White "Goncalves, Jorge"]
[Black "Boersma, J."]
[Result "1/2-1/2"]
[WhiteElo "2190"]
[BlackElo "2140"]

1.d4 Nf6 2.c4 g6 3.Nc3 Bg7 4.e4 O-O 5.Nf3 d6 6.Be2 Nbd7 7.O-O e5 8.d5 Nc5
9.Qc2 a5 10.Ne1 Ne8 11.Nd3 f5 12.f3 Qh4 13.Be3 Bh6 14.Bf2 Qe7 15.a3 Nf6 16.b4 axb4
17.axb4 Rxa1 18.Rxa1 fxe4 19.bxc5 exd3 20.Bxd3 dxc5 21.Re1 Ne8 22.Qe2 b6
23.Bg3 Nd6 24.Qxe5 Qxe5 25.Bxe5 Bd2 26.Re2 Bxc3 27.Bxc3 Ba6 28.Be5 Re8 29.Bxd6 Rxe2
30.Bxe2 cxd6 31.h4 Kf7 32.g4 Kf6 33.Kf2 h6 34.f4 g5 35.hxg5+ hxg5 36.Ke3 Bc8
37.Ke4 Bd7 38.f5 Ba4 39.Ke3 Ke5 40.Bd3 Bb3 41.Be2  1/2-1/2

[Event "Politiken Cup"]
[Site "Copenhagen"]
[Date "1998.07.09"]
[Round "6"]
[White "Lyrberg, Patrik"]
[Black "Nordahl, Helge"]
[Result "1-0"]
[WhiteElo "2430"]
[BlackElo "2245"]

1.c4 g6 2.d4 Nf6 3.Nc3 Bg7 4.e4 d6 5.Nf3 O-O 6.Be2 e5 7.d5 a5 8.Bg5 h6 9.Bh4 Na6
10.Nd2 Qe8 11.a3 Bd7 12.b3 Nh7 13.Rb1 h5 14.f3 Bh6 15.O-O Be3+ 16.Bf2 Bc5
17.Bxc5 dxc5 18.f4 exf4 19.Qc2 Qe5 20.Nf3 Qg7 21.e5 Bg4 22.Rbe1 Rfe8 23.Qe4 Qh6
24.Bd1 Nf6 25.Qd3 Bf5 26.Qd2 Ng4 27.Nh4 Bd7 28.Ne4 Kh8 29.Bxg4 hxg4 30.Nf6 Qxh4
31.Nxe8 Rxe8 32.e6 fxe6 33.Qxf4 Qh7 34.Qg5 Qg7 35.Rf6 Kh7 36.dxe6 Re7 37.Rxg6 Qxg6
38.Qxe7+ Qg7 39.Qh4+  1-0

[Event "Politiken Cup"]
[Site "Copenhagen"]
[Date "1998.07.13"]
[Round "9"]
[White "Nilssen, John Arni"]
[Black "Vihinen, Teemu"]
[Result "1-0"]
[WhiteElo "2305"]
[BlackElo "2155"]

1.d4 Nf6 2.c4 g6 3.Nc3 Bg7 4.e4 d6 5.Be2 O-O 6.Nf3 e5 7.O-O Na6 8.Re1 Qe8
9.d5 Nc5 10.Nd2 a5 11.b3 Nfd7 12.a3 f5 13.Rb1 Nf6 14.f3 Bh6 15.b4 axb4 16.axb4 Na6
17.Nf1 Bxc1 18.Qxc1 Qe7 19.Bd3 f4 20.Nd1 g5 21.g4 h5 22.h3 Kg7 23.Nf2 Rh8
24.Nh2 Bd7 25.Bf1 c5 26.dxc6 bxc6 27.Qd2 hxg4 28.fxg4 Nc7 29.Rbc1 Nfe8 30.Qc3 Qf6
31.Nf3 Be6 32.c5 dxc5 33.bxc5 Nb5 34.Qxe5 Qxe5 35.Nxe5 Rc8 36.Nf3 Kg6 37.Rb1 Nec7
38.Ne5+ Kf6 39.Nxc6 Na3 40.Rbc1 Bd7 41.e5+ Kf7 42.Nd4 Ne6 43.Nxe6 Kxe6 44.Ne4 Rhg8
45.Rc3 Nb5 46.Bc4+ Ke7 47.Rb3  1-0

[Event "RUS-Cup07"]
[Site "Tomsk"]
[Date "1998.07.15"]
[Round "1"]
[White "Shchekachev, Andrei"]
[Black "Loskutov, Oleg"]
[Result "0-1"]
[WhiteElo "2565"]
[BlackElo "2350"]

1.Nf3 Nf6 2.c4 g6 3.Nc3 Bg7 4.e4 d6 5.d4 O-O 6.Be2 e5 7.Be3 exd4 8.Nxd4 Re8
9.f3 c6 10.Bf2 d5 11.exd5 cxd5 12.O-O Nc6 13.c5 Nh5 14.Qd2 Be5 15.g3 Ng7
16.Bb5 Bd7 17.Bxc6 bxc6 18.b4 Nf5 19.f4 Bg7 20.Rac1 Rc8 21.Rfd1 Qe7 22.b5 cxb5
23.Nxd5 Qe4 24.Nxf5 Bxf5 25.c6 Qf3 26.Re1 Be4 27.Rxe4 Rxe4 28.Rc2 h5 29.c7 Kh7
30.f5 Rc4 31.fxg6+ fxg6 32.Rxc4 bxc4 33.Nf4 Rxc7 34.Ne6 Qd3 35.Qe1 Rb7 36.Nc5 Qb1
37.Nxb7 Qxb7 38.Qe6 c3 39.Qc4 Qf3 40.Bxa7 Qd1+ 41.Kg2 Qd2+ 42.Kf3 c2 43.Be3 Qxe3+
44.Kxe3 c1=Q+ 45.Qxc1 Bh6+ 46.Kd3 Bxc1 47.a4 Bg5 48.a5 Bd8 49.a6 Bb6 50.h4 Kg7
51.Ke4 Ba7 52.Ke5 Kf7 53.Kf4 Bb8+ 54.Kf3 Kg7  0-1

[Event "RUS-Cup07"]
[Site "Tomsk"]
[Date "1998.07.18"]
[Round "4"]
[White "Gleizerov, Evgeny"]
[Black "Nevostrujev, Vladimir"]
[Result "1-0"]
[WhiteElo "2545"]
[BlackElo "2410"]

1.d4 Nf6 2.c4 g6 3.Nc3 Bg7 4.e4 d6 5.Nf3 O-O 6.Be2 e5 7.O-O exd4 8.Nxd4 Re8
9.f3 c6 10.Nb3 a5 11.Na4 c5 12.Rb1 Bd7 13.Nc3 a4 14.Na1 Nh5 15.Nd5 f5 16.Nc2 fxe4
17.fxe4 Rxe4 18.Bxh5 gxh5 19.Bh6 Nc6 20.Bxg7 Kxg7 21.Qf3 Re5 22.Qf7+ Kh8
23.Nce3 Nd4 24.Nf6 Re7 25.Qxh5 Be8 26.Qh4 Bg6 27.Rbe1 Rf7 28.Ned5 Qf8 29.Rf2 Nc6
30.Nf4 Bf5 31.Ne6 Bxe6 32.Rxe6 Nd4 33.Re4 a3 34.bxa3 b5 35.cxb5 d5 36.Re5 Ra4
37.g4 Ra8 38.g5 Qg7 39.Rxd5 Rxf6 40.Rxf6 Qxf6 41.gxf6 Nf3+ 42.Kf2 Nxh4 43.Rxc5 Kg8
44.b6 Kf7 45.b7 Rb8 46.Rc7+ Ke6 47.a4 Kd6 48.Rxh7 Ng6 49.a5 Kc6 50.a6 Kb6
51.f7 Nf8 52.Rh6+ Ka7 53.Rc6  1-0

[Event "RUS-Cup07"]
[Site "Tomsk"]
[Date "1998.07.20"]
[Round "6"]
[White "Gleizerov, Evgeny"]
[Black "Kalashnikov, Konstantin"]
[Result "1-0"]
[WhiteElo "2545"]
[BlackElo "2315"]

1.d4 Nf6 2.c4 g6 3.Nc3 Bg7 4.e4 O-O 5.Nf3 d6 6.Be2 e5 7.O-O Nbd7 8.Be3 h6
9.dxe5 dxe5 10.Nd2 c6 11.c5 Qe7 12.b4 Rd8 13.Nc4 Nf8 14.Qa4 Ng4 15.Bxg4 Bxg4
16.Nd6 a6 17.f3 Be6 18.Qc2 b5 19.a4 Ra7 20.Qd2 Kh7 21.Rfb1 Rb8 22.Qb2 Rba8
23.Rd1 Bd7 24.axb5 axb5 25.Rxa7 Rxa7 26.Ndxb5 cxb5 27.Nd5 Qe8 28.c6 Qa8 29.cxd7 Rxd7
30.Bc5 Kh8 31.Ra1 Qd8 32.Bxf8 Qxf8 33.Ra5 Qb8 34.Qc2 Rd8 35.Qc5 Rc8 36.Rxb5 Qa8
37.Ra5 Qb8 38.Rb5 Qa8 39.Ra5 Qb8 40.Qe7 Bf8 41.Qxf7 Bxb4 42.Qf6+  1-0

[Event "Szeged TT07 IM"]
[Site "Szeged"]
[Date "1998.07.21"]
[Round "6"]
[White "Szeberenyi, Adam"]
[Black "Farkas, Tibor"]
[Result "1/2-1/2"]
[WhiteElo "2230"]
[BlackElo "2275"]

1.d4 Nf6 2.c4 d6 3.Nc3 Nbd7 4.e4 e5 5.Nf3 g6 6.Be2 Bg7 7.O-O O-O 8.Qc2 Nh5
9.Rd1 Nf4 10.Bf1 c5 11.dxe5 dxe5 12.Bxf4 exf4 13.e5 Re8 14.Qe4 Qb6 15.Nd5 Qa5
16.Qxf4 Nxe5 17.Nd2 Bg4 18.f3 Be6 19.Nb3 Qd8 20.Nxc5 Bxd5 21.Rxd5 Qb6 22.Kh1 Rad8
23.Nb3 Rxd5 24.cxd5 Qf2 25.Qd2  1/2-1/2